Konrad Duden und die deutsche Rechtschreibung

Život a dielo Konrada Dudena. Nemecký pravopis v minulosti a súčasnosti. Kodifikácia nemeckého jazyka, ortografické reformy.

Salvato in:
Dettagli Bibliografici
Autore principale: Adamcová, Lívia
Natura: Capitolo di libro
Lingua:tedesco
Soggetti:
Tags: Aggiungi Tag
Nessun Tag, puoi essere il primo ad aggiungerne!!

MARC

LEADER 00000nla a2200000 4500
001 0198806
005 20240502073347.4
041 0 |a ger 
044 |a SK 
245 1 0 |a Konrad Duden und die deutsche Rechtschreibung  |c Lívia Adamcová 
520 |a Život a dielo Konrada Dudena. Nemecký pravopis v minulosti a súčasnosti. Kodifikácia nemeckého jazyka, ortografické reformy. 
610 2 0 |a nemčina 
610 2 0 |a gramatika 
610 2 0 |a písmo 
100 1 |a Adamcová, Lívia